Relato de un naufrago
Gardado en:
| Autor Principal: | |
|---|---|
| Formato: | Libro |
| Idioma: | Lingua castelá |
| Publicado: |
Buenos Aires
Debolsillo
2011
|
| Edición: | 22a. ed |
| Series: | Contemporánea
|
| Subjects: | |
| Tags: |
Engadir etiqueta
Sen Etiquetas, Sexa o primeiro en etiquetar este rexistro!
|
MARC
| LEADER | 00000cam a2200000 a 4500 | ||
|---|---|---|---|
| 001 | UCF1759 | ||
| 003 | CL-VaPUC | ||
| 008 | 120723e20110200AG |||||||||||||||||spa|d | ||
| 020 | |a 9789871138036 | ||
| 082 | 0 | 4 | |a Co863 |b GAR |2 21 |
| 100 | 0 | |a García Márquez, Gabriel |e author |9 318478 | |
| 245 | 1 | 0 | |a Relato de un naufrago |
| 250 | |a 22a. ed | ||
| 300 | |a 160 p | ||
| 942 | |c BK | ||
| 945 | |d 20120723 00:00:00 |a dcastane | ||
| 260 | |a Buenos Aires |b Debolsillo |c 2011 | ||
| 650 | 0 | |a Cuentos colombianos |9 317132 | |
| 650 | 0 | |a Literatura colombiana |9 315578 | |
| 583 | |a last modification |c 20120723 10:17:00 |k Rodrigo Vera | ||
| 490 | 0 | |a Contemporánea | |
| 999 | |c 348447 |d 348445 | ||
| 952 | |0 0 |1 0 |4 0 |6 CO_863_000000000000000_GAR_2011 |7 0 |8 A |9 450456 |a BIBING |b BIBING |d 2019-11-22 |i 4875117 |o Co863 GAR 2011 |p 4875117 |r 2023-03-02 |w 2019-11-22 |y BK |k CUI | ||